01021nam a2200229 a 450000100100000000500170001000800410002704000250006808200140009310000550010724501000016226000690026230000270033149000690035849000310042750000630045859000270052183000760054883000380062495201120066299900170077400004287020201002040447.0150820s1982 dr a 000 0 spa d aDO-SdBNPbspacBNPHU axxxbxxxx1 aCastillo Corporán, Francisco Maurod1934-97028314aLas verdaderas causas de los divorcios en Santo Domingo /cFrancisco Mauro Castillo Corporán. aSanto Domingo :bUniversidad Autónoma de Santo Domingo,c1982. a85 p. :bil. ;c15 cm.1 aPublicaciones de la Universidad Autónoma de Santo Domingov3151 aEducación y sociedadv20 aIncluye datos biografícos del autor en la contraportada. aInventariado, 2018/ YL 0aPublicaciones de la Universidad Autónoma de Santo Domingon315970284 0aEducación y sociedadn20970285 0010718PDaPDbPDcCTd2014-02-11iLF1l0oxxx xxxxp42870-10r2020-06-25w2020-06-25yLFPDZNo se presta c42359d42359